000 00305nam a22001217a 4500
020 _a0-12-523705-X
082 _a621.366 WIL'L
100 _aHAWKES, J. F. B, WILSON, J
_957042
245 _aLASERS, PRINCIPLES AND APPLICATIONS,
260 _aNEWYORK
_bPRENTICE HALL
_c1987
300 _a308P
942 _cBK
999 _c567352
_d567352